KOHA-Header-6

Principles Of Mangerial Finance (Record no. 8127)

000 -LEADER
fixed length control field 00269nam a2200109Ia 4500
100 ## - MAIN ENTRY--AUTHOR NAME
Personal name Lawrence J. Gitman
245 #0 - TITLE STATEMENT
Title Principles Of Mangerial Finance
260 ## - PUBLICATION, DISTRIBUTION, ETC. (IMPRINT)
Place of publication USA
Name of publisher McGraw Hill
Year of publication 1993
300 ## - PHYSICAL DESCRIPTION
Number of Pages 522
942 ## - ADDED ENTRY ELEMENTS (KOHA)
Koha item type Books
Holdings
Withdrawn status Lost status Collection code Permanent Location Current Location Shelving location Date acquired Full call number Accession Number Koha item type
    Finance MAJU MAJU Shelf No.A44 2019-09-13 658.8 2614 Finance

Powered by Koha